Big Movies, Bigger Words Quiz Stats

 Plays Quiz not verified by Sporcle

Challenge
Share
Tweet
Score 0/25 Timer 06:00
0 Plays Today
% Correct
Some Like It Hot
88.4%
Jailhouse Rock
86.5%
Snow White And The Seven Dwarfs
78.9%
It's A Wonderful Life
77.3%
Frankenstein
73.6%
The Phantom Of The Opera
70%
The Adventures of Robin Hood
68.2%
Roman Holiday
65.4%
The Seven Year Itch
64.8%
Tarzan, The Ape Man
64.7%
Cool Hand Luke
60.5%
The Day The Earth Stood Still
59.7%
Goldfinger
56.6%
% Correct
Modern Times
44.3%
Father Of The Bride
37%
A Night At The Opera
36%
An American In Paris
30.5%
Rebel Without A Cause
29.7%
Road To Morocco
24.9%
Ocean's 11
24.6%
High Society
21.8%
Stalag 17
20.4%
To Have And Have Not
19.9%
Kind Hearts And Coronets
17.2%
The Court Jester
15%

You're not logged in!

Compare scores with friends on all Sporcle quizzes.
Join for Free
OR
Log In

You Might Also Like...

Show Comments

Extras

Top Quizzes Today


Score Distribution

Your Account Isn't Verified!

In order to create a playlist on Sporcle, you need to verify the email address you used during registration. Go to your Sporcle Settings to finish the process.

Report this User

Report this user for behavior that violates our Community Guidelines.

Details: